Регионална библиотека "Любен Каравелов" - Русе

Гъвкаво автоматично производство (Запис номер 159413)

MARC детайли
000 -Лидер
Контролно поле с фиксирана дължина 02629nam a2200361 c 4500
003 - Код на организацията, давaща контролен номер
Контролно поле BLK
005 - Дата и час на последна редакция
Контролно поле 20180422113640.0
008 - Елементи от данни с фиксирана дължина
fixed length control field 180410b bul|||||r ||||||| ||bul||
010 ## - Наследен системен номер
LC control number KNG00166528000
040 ## - Източник на каталожния запис
Идентификатор на билиотеката - собственик на записа BLK
041 ## - Код за език
Код за езика на текст/звукозапис или на отделно заглавие Български
Код за езика КДБФ Български
080 ## - УДК
Текстов определител УДК Рентабилност. Рационализация. Производителност. Ефективност на производството
УДК код - определител по УДК 005.61
УДК определител .5(035)
УДК - код + определител 005.61.5(035)
139 ## - Редно поле
Редна дума Гъвкаво автоматично производство
Авторски знак Гъб - Г 95
245 10 - Сведения за заглавието
Заглавие Гъвкаво автоматично производство
Подзаглавни данни Ръководство
Редно поле (дума) съавт. Виктор Олимпиевич Азбел; под общ. ред. на Сергей Ал. Майоров; под общ. ред. на Георги В. Орловски; прев. от рус. Веселин Митев.
257 ## - Страна на издаване
Страна на създаване/издаване СССР
260 ## - Област на издателските данни
-- София
Име на издателя, разпространителя и проч. Техника
Година на издаване 1984
Печатница Хасково : Ат. Стратиев
300 ## - Физическа характеристика
Страници 419 с.
Илюстрации и др. с ил., табл., сх.
Размери/Мащаб 22 см
380 ## - Жанр
Жанр Обществени науки
500 ## - Общи забележки
Забележка Ориг. загл. Гибкое автоматическое производство. - Други авт. : Вл. Ал. Егоров, Ал. Ю. Звоницки, С. Ал. Майоров, А. В. Максимов, О. Б. Маликов, Ив. М. Митрофанов, С. П. Митрофанов, Ф. С. Мовшович, Г. Ив. Новиков, Г. В. Орловски, Б. С. Падун, Вл. А. Петров, Ал. Б. Погодин, А. М. Покровски, А. Г. Поляков, Н. Ал. Смирнов, Е. П. Черков, Б. Ил. Чичканов, Е. А. Якушенко, отбелязани в библиогр. каре ; Други прев. : Г. Н. Хаджикосев, Д. С. Чакърски, Т. Д. Нешков. - 1 214 тир. - Библиогр. след отд. гл.
650 #4 - Допълнително описание по предмет – тема
Основно описание – тема или топоним Автоматизация на производството
9 (RLIN) 266722
653 ## - Ключова дума – ненормативна
Ключова дума автоматизация
653 ## - Ключова дума – ненормативна
Ключова дума производство
653 ## - Ключова дума – ненормативна
Ключова дума ръководства
700 1# - Други автори (авторска отговорност)
Лично име Азбел, Виктор Олимпиевич
Автороска отговорност (Описва отношението между автора и произведението) съавт.
9 (RLIN) 334491
700 1# - Други автори (авторска отговорност)
Лично име Майоров, Сергей Ал.
Автороска отговорност (Описва отношението между автора и произведението) под общ. ред. на
9 (RLIN) 334492
700 1# - Други автори (авторска отговорност)
Лично име Орловски, Георги В.
Автороска отговорност (Описва отношението между автора и произведението) под общ. ред. на
9 (RLIN) 104896
700 1# - Други автори (авторска отговорност)
Лично име Митев, Веселин
Автороска отговорност (Описва отношението между автора и произведението) прев. от рус.
9 (RLIN) 368633
852 ## - Местоположение
Форматна сигнатура Цб 131579
856 4# - Електронен адрес и достъп
Електронен формат pdf - файл
Път до файла /url/
856 4# - Електронен адрес и достъп
Електронен формат pdf - файл
Път до файла /url/
942 ## - АРТИКУЛИ
Вид на библиотечния материал Книги
Скрит в OPAC Не
944 ## - СЪЗДАВАНЕ И РЕДАКЦИЯ на ЗАПИСА
Създаване/Редакция Създаване
Дата на регистрацията/редакция 30.10.2014
Статус, дата на статуса 30.10.2014 - от С1,Р / 30.10.2014
Служител, извършил регистрацията/редакцията Радостина_Карадакова
944 ## - СЪЗДАВАНЕ И РЕДАКЦИЯ на ЗАПИСА
Създаване/Редакция Редакция
Дата на регистрацията/редакция 30.10.2014
Статус, дата на статуса 30.10.2014 - от С1,Р / 30.10.2014
Служител, извършил регистрацията/редакцията
999 ## - СИСТЕМНИ КОНТРОЛНИ НОМЕРА
Koha biblionumber 159413
Koha biblioitemnumber 159413
Наличности
Код за отписване Код за изгубен артикул Източник на класификационната схема Код за повреда Коз за рестрикции Код за отдаване Артикулен № Име на библиотеката - собственик Име на библиотеката, в която се намира в момента Статус (Текущо местоположение) Дата на вписване в системата Местоположение - отдел Цена в лева Инвентарен номер Систематично азбучна сигнатура Баркод Номер на екземпляра Цена в евро Служебна бележка Служебен тип на артикула
  Не е изгубен Universal Decimal Classification Не е повреден без рестрикции ползва се в читалня 266339 Регионална библиотека "Любен Каравелов" Русе Регионална библиотека "Любен Каравелов" Русе Хранилище 1984-01-01 Хранилище 2.75 420779 Цб 131579 900000009994 1 1.41 Дата: 01.01.1984 Книги
Изтеглен Не е изгубен Universal Decimal Classification Не е повреден без рестрикции заемане за дома 266340 Регионална библиотека "Любен Каравелов" Русе Регионална библиотека "Любен Каравелов" Русе Заемна - подръчен фонд 1984-01-01 Заемна - подръчен фонд 2.75 425720 П 65.011.5/Г 95 425720 2 1.41 Дата: 01.01.1984 Дата инв: 05.02.2018 Бележки инв: П2018 Книги
Изтеглен Не е изгубен Universal Decimal Classification Не е повреден без рестрикции заемане за дома 266341 Регионална библиотека "Любен Каравелов" Русе Регионална библиотека "Любен Каравелов" Русе Заемна - подръчен фонд 1984-01-01 Заемна - подръчен фонд 2.75 425722 П 65.011.5/Г 95 425722 3 1.41 Дата: 01.01.1984 Книги
Vip Innovations Ltd, Rousse, Bulgaria 2025